[Event "Bouzakis Memorial-C"]
[Site "Chania"]
[Date "2000.08.26"]
[Round "7"]
[White "Sountoulidis, Dimitrios"]
[Black "Papathanasiou, Panayotis"]
[Result "0-1"]
[WhiteElo "2090"]
[BlackElo "2175"]
[PlyCount "90"]
[EventDate "2000.08.20"]
[EventType "tourn"]
[EventRounds "9"]
[EventCountry "GRE"]
[SourceTitle "EXT 2004"]
[Source "ChessBase"]
[SourceDate "2003.11.25"]
[SourceVersion "1"]
[SourceVersionDate "2003.11.25"]
[SourceQuality "1"]

1. e4 g6 2. d4 Bg7 3. Nc3 d6 4. f4 Nc6 5. Be3 Nf6 6. h3 e6 7. Nf3 Ne7 8. Bd3 0-0 9. g4 b6 10. Qd2 Bb7 11. Rg1 c5 12. dxc5 bxc5 13. 0-0-0 c4 14. Bxc4 Nxe4 15. Nxe4 Bxe4 16. Ng5 Bd5 17. Bxd5 Nxd5 18. Bd4 Nf6 19. Qd3 Qa5 20. Kb1 Rab8 21. Ne4 Nxe4 22. Bxg7 Kxg7 23. Qxe4 Rb4 24. Qe1 Qa3 25. b3 Rxf4 26. Qd2 Ra4 27. Qc3+ e5 28. Qb2 Qxb2+ 29. Kxb2 Ra6 30. g5 f5 31. gxf6+ Rxf6 32. Rg3 Rc6 33. Rd2 Kf7 34. c4 Ke7 35. Kc3 Rc8 36. b4 Rf4 37. c5 dxc5 38. b5 Rb8 39. Rgd3 Rd4 40. Rxd4 cxd4+ 41. Kb4 Kd6 42. a4 Kd5 43. a5 e4 44. Rc2 e3 45. Rc7 Re8 0-1